Chargement en cours...

Methods of logic/

Détails bibliographiques
Auteur principal: Quine, W. V. (Willard Van Orman)
Format: Printed Book
Langue:English
Publié: New York, Holt, Rinehart and Winston [1972]
Édition:3d edition
Sujets:
LEADER 00735cam a2200217 4500
008 720320s1972 nyua b 001 0 eng
010 |a  70166106  
020 |a 0030866758 
041 |a eng 
082 0 0 |a 160 
100 1 |a Quine, W. V.  |q (Willard Van Orman) 
245 1 0 |a Methods of logic/  |c [by] W. V. Quine. 
250 |a 3d edition 
260 |a New York,  |b Holt, Rinehart and Winston  |c [1972] 
300 |a viii, 280 p.  |b illus.  |c 24 cm. 
504 |a Bibliography: p. 270-274. 
650 0 |a Logic. 
906 |a 7  |b cbc  |c orignew  |d 2  |e ncip  |f 19  |g y-gencatlg 
942 |c BK 
999 |c 179881  |d 179881 
952 |0 0  |1 0  |2 ddc  |4 0  |6 160_000000000000000_QUI_M  |7 0  |9 199173  |a EDU  |b EDU  |c ST1  |d 2010-10-20  |i 1303  |l 0  |o 160 QUI/M  |p EDU1303  |r 2010-10-20  |w 2010-10-20  |y BK